| 000 | 00395nam a2200181Ia 4500 | ||
|---|---|---|---|
| 001 | 17514 | ||
| 005 | 20260306171523.0 | ||
| 008 | 260306s9999||||xx |||||||||||||| ||und|| | ||
| 041 | _aESP | ||
| 082 |
_a658 _bS82 1996 |
||
| 100 |
_aStoner, James A. F. _eAUT |
||
| 245 | 0 | _aAdministración | |
| 260 | _c1996 | ||
| 300 |
_a _c |
||
| 650 | _aGEN | ||
| 654 | _aCAN | ||
| 942 |
_cLIB _dJUS _fJUS _2ddc _n |
||
| 999 |
_c17514 _d17514 |
||